[Event "POL-chT DMP Ekstraliga 2019"]
[Site "Katowice"]
[Date "2019.09.03"]
[Round "7.7"]
[White "Kuzmicz, Krystian"]
[Black "Tomczak, Jacek"]
[Result "1/2-1/2"]
[WhiteElo "2461"]
[BlackElo "2622"]
[Annotator "TA"]
[PlyCount "72"]
[EventDate "2019.08.28"]
[EventType "team-tourn"]
[EventCountry "POL"]
[SourceTitle "playchess.com"]
[Source "ChessBase"]
[SourceQuality "1"]

{[%evp 9,72,3,0,-9,0,-14,-15,-18,6,0,11,0,0,0,0,0,0,0,-9,-18,-6,-17,-21,-13,-12,-26,-31,-27,-32,-33,-32,-29,-29,-25,-11,-27,-9,-69,-59,-38,-15,-13,-17,-17,-14,-14,0,0,0,0,0,0,0,0,0,0,0,0,0,0,0,0,0,0,0]} 1. d4 Nf6 2. g3 c5 3. dxc5 e6 4. Bg2 Bxc5 5. Nf3 d5 {[#]} 6. c4 $1 {[%mdl 512] D02: 1 d4 d5 2 Nf3 sidelines, including 2...Nf6 3 g3 and 2...Nf6 3 Bf4} d4 (6... dxc4 7. Qxd8+) (6... Nc6 7. cxd5 Qxd5 8. O-O Qxd1 9. Rxd1 O-O 10. Nc3 Bd7 11. Ng5 Rfd8 12. Nge4 Nxe4 13. Nxe4 Be7 {½-½ (59) Lysyj,I (2623)-Popov,I (2599) Yaroslavl 2019}) 7. Nbd2 {[%cal Bb1d2,Bd2b3,Bb3c5][%mdl 32]} Nc6 8. O-O a5 9. Nb3 Ba7 $1 10. e3 $146 ({Predecessor:} 10. Bf4 a4 11. Nc1 Qa5 12. Nd3 O-O {1-0 (34) Liu,H (2038)-Borsos,B (2247) Bangkok 2014}) 10... dxe3 $1 11. Qxd8+ ({Don't play} 11. fxe3 Qxd1 12. Rxd1 e5 $17) 11... Kxd8 12. Bxe3 Bxe3 13. fxe3 Ke7 14. Nc5 Ng4 15. Rfe1 Rd8 16. h3 Nge5 17. b3 Nd3 18. Nxd3 Rxd3 19. Rad1 Rxd1 20. Rxd1 a4 21. Nd4 axb3 22. axb3 Bd7 23. Rd2 ({White should try} 23. Nxc6+ $11 bxc6 24. b4) 23... Ra1+ $15 24. Kf2 e5 (24... Na5 {is more complex.} 25. Rb2 b6 26. Bf1 Nb7 27. g4 g6) 25. Nxc6+ {The position is equal.} bxc6 $11 {[%mdl 4096] Endgame KRB-KRB} 26. Rb2 c5 27. g4 f5 28. gxf5 Bxf5 29. b4 cxb4 30. Rxb4 Ra2+ 31. Kg3 Re2 32. Rb7+ Kf6 {[#] ...Rxg2+! is the strong threat.} 33. Rb6+ Ke7 34. Rb7+ Kd6 {White must now prevent ...Rxg2+!} 35. Rb6+ Kc7 36. Rb7+ Kd6 {Accuracy: White = 57%, Black = 55%.} 1/2-1/2

[Event "POL-chT DMP Ekstraliga 2019"]
[Site "Katowice"]
[Date "2019.09.03"]
[Round "7.8"]
[White "Czarnota, Pawel"]
[Black "Brodowski, Piotr"]
[Result "0-1"]
[WhiteElo "2518"]
[BlackElo "2430"]
[Annotator "TA"]
[PlyCount "74"]
[EventDate "2019.08.28"]
[EventType "team-tourn"]
[EventCountry "POL"]
[SourceTitle "playchess.com"]
[Source "ChessBase"]
[SourceQuality "1"]

{[%evp 16,74,61,48,58,58,64,34,32,36,64,29,45,0,0,0,0,-22,-4,-53,-40,-82,-57,-95,-72,-125,-112,-149,-126,-156,-125,-152,-47,-37,-39,-29,-41,-32,-12,-21,-33,-272,-207,-206,-184,-304,-297,-993,-993,-993,-823,-993,-989,-980,-374,-977,-939,-993,-986,-29976,-29977]} 1. e4 g6 2. d4 Bg7 3. Nf3 d6 4. h3 Nf6 5. Nc3 O-O 6. Be3 c6 7. a4 a5 8. Be2 Nbd7 9. O-O d5 {B08: Pirc Defence: Classical System} (9... Qc7 10. Nd2 b6 11. Re1 Bb7 12. Bf1 e6 13. Qc1 Rad8 14. Nc4 Rfe8 15. Bf4 e5 16. dxe5 dxe5 17. Be3 {1-0 (31) Grigoriants,S (2561)-Yu,Y (2751) Riadh 2017}) 10. e5 Ne8 $1 11. Ne1 $146 ({Predecessor:} 11. Qd2 f6 12. exf6 exf6 13. Bf4 Rf7 14. Rfe1 Nf8 15. Bd3 Ne6 16. Bh2 N8c7 17. Ne2 {½-½ (41) Brynell,S (2385)-Lau,R (2495) Naestved 1988}) 11... f6 {White is slightly better.} 12. f4 e6 13. Nd3 b6 14. exf6 Ndxf6 15. Ne5 Qc7 16. Bf3 Nd6 17. g4 Ba6 18. Re1 c5 19. Bg2 Rad8 20. Qd2 (20. Qc1 $142) 20... Nde4 $17 21. Nxe4 Nxe4 22. Bxe4 dxe4 23. c3 {[#]} g5 $1 {[%mdl 512]} 24. Rad1 $1 $15 (24. fxg5 Bxe5) 24... Bxe5 25. fxe5 h6 26. h4 Rf3 {...Rg3+ is the strong threat.} 27. hxg5 Rdf8 $36 {[%mdl 2048] aiming for ...Rg3+. Black is more active.} 28. Qg2 $2 (28. Qh2 $1 $15 cxd4 29. cxd4 (29. Bxd4 e3 $11)) 28... hxg5 {[%mdl 64] Overworked Piece} 29. Bxg5 cxd4 30. cxd4 (30. Bh6 $142 R8f7 31. cxd4) 30... Qh7 $19 31. Bf6 $2 (31. d5 exd5 32. Bf6) 31... R8xf6 32. exf6 {[#]} Qh4 $1 33. Rxe4 Rg3 34. d5 Rxg2+ 35. Kxg2 Bb7 36. f7+ Kxf7 37. Rh1 {[#]} Qxh1+ $1 {[%mdl 512] Accuracy: White = 31%, Black = 64%.} 0-1

[Event "POL-chT DMP Ekstraliga 2019"]
[Site "Katowice"]
[Date "2019.09.03"]
[Round "7.9"]
[White "Skawinski, Arkadiusz"]
[Black "Olszewski, Michal"]
[Result "1/2-1/2"]
[WhiteElo "2389"]
[BlackElo "2522"]
[Annotator "TA"]
[PlyCount "27"]
[EventDate "2019.08.28"]
[EventType "team-tourn"]
[EventCountry "POL"]
[SourceTitle "playchess.com"]
[Source "ChessBase"]
[SourceQuality "1"]

{[%evp 15,27,32,50,4,34,18,28,31,40,27,44,57,70,60]} 1. e4 e5 2. Nf3 Nc6 3. Bb5 a6 4. Ba4 Nf6 5. O-O Be7 6. d3 d6 7. c3 O-O 8. Re1 Nd7 9. b4 $146 {[%cal Bb2b4,Bb4b5][%mdl 32] C84: Closed Ruy Lopez: Unusual White 6th moves} ({Predecessor:} 9. Be3 Nb6 10. Bb3 Kh8 11. Nbd2 f5 12. Bxb6 cxb6 13. exf5 Bxf5 14. d4 exd4 15. Nxd4 Nxd4 16. cxd4 Qd7 {0-1 (32) Anand,V (2783)-Caruana,F (2807) Saint Louis 2017}) 9... Nb6 (9... b5 $5 {[%cal Rb5a4]} 10. Bc2 a5 $11) 10. Bb3 a5 11. b5 Nb8 12. a4 c6 13. Na3 N8d7 14. Be3 1/2-1/2

[Event "POL-chT DMP Ekstraliga 2019"]
[Site "Katowice"]
[Date "2019.09.03"]
[Round "7.10"]
[White "Warakomski, Tomasz"]
[Black "Luch, Michal"]
[Result "1/2-1/2"]
[WhiteElo "2506"]
[BlackElo "2393"]
[Annotator "TA"]
[PlyCount "32"]
[EventDate "2019.08.28"]
[EventType "team-tourn"]
[EventCountry "POL"]
[SourceTitle "playchess.com"]
[Source "ChessBase"]
[SourceQuality "1"]

{[%evp 9,32,70,55,64,57,44,58,31,36,24,51,28,25,4,21,21,18,13,22,27,29,-55,-52,-75,-42]} 1. e4 d5 2. exd5 Qxd5 3. Nc3 Qd6 4. d4 Nf6 5. Nf3 g6 (5... Bg4 6. h3 Bh5 7. g4 Bg6 8. Ne5 Nbd7 9. Bf4 Nxe5 10. Bxe5 Qb6 11. Qf3 O-O-O 12. O-O-O e6 13. Bd3 Bb4 14. Bxg6 hxg6 {½-½ (55) Caruana,F (2828)-Moranda,W (2593) chess.com INT 2019}) 6. Nb5 {[%cal Bc3b5,Bb5a3,Ba3c4,Bc4e5][%mdl 32] B01: Scandinavian Defence} Qb6 7. Be2 c6 8. Na3 {White is slightly better.} (8. Nc3 {is more complex.} Bg7 9. O-O Bf5 10. Re1 O-O 11. h3) 8... Bg7 9. O-O O-O 10. Nc4 Qc7 11. Bg5 $146 ({Predecessor:} 11. Nce5 Nbd7 12. Bf4 Nxe5 13. Nxe5 {0-1 (37) Melamed,T (2364)-Mastrovasilis,D (2608) Germany 2014}) 11... b6 12. Re1 Bb7 13. Nce5 c5 14. dxc5 Qxc5 15. c4 ({Better is} 15. c3 $11) 15... Ne4 $15 16. Nd3 Qc7 {Accuracy: White = 42%, Black = 75%.} 1/2-1/2

[Event "POL-chT DMP Ekstraliga 2019"]
[Site "Katowice"]
[Date "2019.09.03"]
[Round "7.11"]
[White "Bronowicki, Mateusz"]
[Black "Kantans, Toms"]
[Result "0-1"]
[WhiteElo "2271"]
[BlackElo "2490"]
[Annotator "TA"]
[PlyCount "86"]
[EventDate "2019.08.28"]
[EventType "team-tourn"]
[EventCountry "POL"]
[SourceTitle "playchess.com"]
[Source "ChessBase"]
[SourceQuality "1"]

{[%evp 10,86,26,24,24,26,28,31,25,14,15,-20,-22,-15,-14,-33,-39,-68,-27,-49,-39,-47,-53,-45,-40,-44,0,-50,-47,-94,-105,-99,-61,-67,-26,-41,-38,-64,-72,-29,-25,-35,-35,-24,-35,-27,-41,-39,-29,-25,-27,-32,0,0,-8,-229,-223,-211,-208,-212,-187,-195,-189,-195,-212,-197,-182,-300,-295,-414,-411,-447,-446,-496,-501,-509,-508,-567,-416]} 1. Nf3 c5 2. c4 Nc6 3. Nc3 e5 4. g3 f5 5. d3 Nf6 6. Bg2 Be7 {A35: Symmetrical English: 2 Nc3 Nc6 3 Nf3} (6... g6 7. a3 a5 8. O-O Bg7 9. Bg5 O-O 10. Rb1 d6 11. Ne1 h6 12. Bxf6 Bxf6 13. Nc2 Bd7 14. b4 axb4 15. axb4 Nxb4 16. Nxb4 cxb4 17. Rxb4 {½-½ (41) Meier,G (2650)-Krasenkow,M (2619) Mulhouse 2011}) 7. O-O O-O 8. a3 d6 {White is slightly better.} 9. Bg5 Be6 10. Ne1 Qd7 $146 ({Predecessor:} 10... Qe8 11. Nc2 Ng4 12. Bxe7 Nxe7 13. f4 Rd8 14. Qd2 Qh5 15. h3 Nf6 16. Ne3 Qh6 17. Kh2 b6 18. b4 Kh8 19. Rad1 Rg8 {½-½ (19) Ciorgovean,I (2211)-Calin,A (2307) Calimanesti 2018}) 11. e3 Rae8 12. Nc2 e4 13. f4 exf3 (13... Na5 {is interesting.} 14. Nd5 Bxd5 15. cxd5 b5 16. Rb1 exd3 17. Qxd3 c4) 14. Qxf3 h6 15. Bxf6 $1 Bxf6 16. Rab1 Bxc3 17. bxc3 d5 18. cxd5 (18. d4 $5 {[%cal Rc4d5]} dxc4 19. Rb5 $11) 18... Ne5 $1 {[%csl LRd3,LRf3][%mdl 64] [#] Double Attack} 19. Qh5 Bxd5 20. e4 Bf7 21. Qd1 Nxd3 22. exf5 b6 23. Qd2 Rd8 24. f6 Ne5 {[%cal Bd3e5,Be5g4,Bg4f6][%mdl 32]} 25. Qe2 Rfe8 26. Rbd1 Qg4 27. Qxg4 Nxg4 28. Bc6 $1 {[%cal Rc6e8]} Rf8 29. fxg7 Kxg7 30. Rde1 Rd3 31. Re7 Rxc3 32. Bd5 $2 {[#]} (32. Ne1 $11 {and White has nothing to worry.}) 32... Nf6 $1 $19 {[%cal Rf6d5]} ({Not} 32... Rxc2 33. Bxf7 Kh8 34. h3 $11) 33. Bxf7 Rxf7 34. Re2 Nd5 {Hoping for ...Rxf1+.} 35. Rd1 Re7 36. Rf2 Nf6 37. a4 Re6 38. a5 (38. Ne1 {was worth a try.}) 38... b5 {[%cal Bb6b5,Bb5b4,Bb4b3][%mdl 32]} ({Don't do} 38... bxa5 39. Ra1 $19) 39. Rfd2 (39. Rb1 {was called for.} b4 40. Rd2) 39... b4 40. Ne1 b3 {Black is clearly winning.} 41. Ng2 c4 42. Nf4 Re5 43. a6 Rce3 {Accuracy: White = 43%, Black = 80%.} 0-1

[Event "POL-chT DMP Ekstraliga 2019"]
[Site "Katowice"]
[Date "2019.09.03"]
[Round "7.12"]
[White "Warakomska, Anna"]
[Black "Bartel, Marta"]
[Result "1/2-1/2"]
[WhiteElo "2241"]
[BlackElo "2206"]
[Annotator "NA"]
[PlyCount "40"]
[EventDate "2019.08.28"]
[EventType "team-tourn"]
[EventCountry "POL"]
[SourceTitle "playchess.com"]
[Source "ChessBase"]
[SourceQuality "1"]
[TimeControl "40/5400+30:1800+30"]

1. e4 {[%emt 0:00:00]} g6 {[%emt 0:00:00]} 2. d4 {[%emt 0:00:00]} Bg7 {[%emt 0:00:00]} 3. Nf3 {[%emt 0:00:30]} d6 {[%emt 0:00:16]} 4. Be3 {[%emt 0:01:29]} c6 {[%emt 0:01:16]} 5. Nc3 {[%emt 0:01:36]} b5 {[%emt 0:01:00]} 6. Bd3 {[%emt 0:03:18]} Nd7 {[%emt 0:00:54]} 7. O-O {[%emt 0:02:06]} Qc7 {[%emt 0:00:29]} 8. Ne2 {[%emt 0:04:32]} Bb7 {[%emt 0:07:16]} 9. a4 {[%emt 0:09:08]} b4 {[%emt 0:04:32]} 10. c3 {[%emt 0:02:03]} a5 {[%emt 0:10:04]} 11. Qb3 {[%emt 0:06:51]} bxc3 {[%emt 0:06:28]} 12. bxc3 {[%emt 0:01:01]} Ngf6 {[%emt 0:02:01]} 13. e5 {[%emt 0:06:57]} Nd5 {[%emt 0:07:02]} 14. e6 {[%emt 0:08:16]} fxe6 {[%emt 0:00:21]} 15. Ng5 {[%emt 0:00:13]} Nf8 {[%emt 0:11:41]} 16. Nf4 {[%emt 0:02:36]} Bc8 {[%emt 0:06:52]} 17. Qc2 {[%emt 0:14:34]} Bf6 {[%emt 0:04:11]} 18. Nxh7 {[%emt 0:20:29]} Rxh7 {[%emt 0:16:15]} 19. Bxg6+ {[%emt 0:00:05]} Rf7 {[%emt 0:06:08]} 20. Bh5 {[%emt 0:07:56]} Nxf4 {[%emt 0:04:40]} 1/2-1/2

[Event "POL-chT DMP Ekstraliga 2019"]
[Site "Katowice"]
[Date "2019.09.03"]
[Round "7.13"]
[White "Harikrishna, Pentala"]
[Black "Wojtaszek, Radoslaw"]
[Result "1/2-1/2"]
[WhiteElo "2746"]
[BlackElo "2739"]
[Annotator "TA"]
[PlyCount "93"]
[EventDate "2019.08.28"]
[EventType "team-tourn"]
[EventCountry "POL"]
[SourceTitle "playchess.com"]
[Source "ChessBase"]
[SourceQuality "1"]

{[%evp 15,93,0,-4,0,-2,-8,2,-12,14,0,10,0,0,0,34,25,25,31,37,37,32,17,25,23,51,46,39,44,46,45,84,74,62,31,41,38,28,33,23,6,23,0,0,0,20,25,23,18,17,22,13,0,0,0,0,0,0,0,0,0,0,0,0,0,0,0,0,0,0,0,0,0,0,0,0,0,0,0,0,0]} 1. d4 Nf6 2. c4 e6 3. g3 Bb4+ 4. Nd2 c5 5. Ngf3 cxd4 6. Nxd4 Nc6 7. Nc2 Be7 8. Bg2 O-O 9. O-O {E00: Catalan Bogo-Indian (3 g3 Bb4+)} d5 (9... b6 10. b4 Bb7 11. Bb2 d5 12. a3 dxc4 13. Nxc4 Qc7 14. Rc1 Rad8 15. Qe1 b5 16. Nd2 Qb8 {1-0 (38) Le,Q (2676)-Margvelashvili,G (2531) New York 2015}) 10. cxd5 exd5 11. Nf3 Bf5 12. Ncd4 Be4 13. b3 $146 ({Predecessor:} 13. Be3 Ng4 14. Bf4 Bf6 15. h3 Nxd4 16. Nxd4 Bxg2 17. Kxg2 {1-0 (55) Popov,L-Bogdanov,E Sofia 1963}) 13... Nxd4 14. Qxd4 a6 15. Bd2 Rc8 16. Rac1 Rxc1 17. Rxc1 Ba3 18. Rf1 Qd6 19. Qc3 {[#] And now b4 would win.} Qc5 20. Qxc5 Bxc5 21. Rc1 Bb6 22. a4 a5 23. b4 Ng4 24. e3 (24. h3 $5 {[%cal Rh3g4]} Nxf2 25. bxa5 $14) 24... axb4 25. Bxb4 Ra8 {Threatening ...Nxe3!} 26. a5 Bd8 27. Nd4 {aiming for f3.} Ne5 28. Bxe4 dxe4 29. Rc5 Nd3 30. Rb5 Nxb4 31. Rxb4 Bxa5 {The position is equal.} 32. Rxb7 $11 {[%mdl 4096] Endgame KRB-KRN} g6 33. Re7 f5 $1 34. h4 Bc3 35. Ne6 Bf6 36. Rb7 Re8 37. Nf4 Re7 38. Rb6 Be5 39. Ne6 Kf7 40. Ng5+ Kg7 41. Kg2 Rd7 42. Re6 Bf6 43. Nh3 Kf7 44. Ra6 Re7 45. Ng5+ Bxg5 46. hxg5 Kg7 47. Rb6 {Accuracy: White = 72%, Black = 74%.} 1/2-1/2

[Event "POL-chT DMP Ekstraliga 2019"]
[Site "Katowice"]
[Date "2019.09.03"]
[Round "7.14"]
[White "Duda, Jan-Krzysztof"]
[Black "Bartel, Mateusz"]
[Result "1-0"]
[WhiteElo "2730"]
[BlackElo "2621"]
[Annotator "TA"]
[PlyCount "103"]
[EventDate "2019.08.28"]
[EventType "team-tourn"]
[EventCountry "POL"]
[SourceTitle "playchess.com"]
[Source "ChessBase"]
[SourceQuality "1"]

{[%evp 9,103,12,73,83,104,99,90,96,105,64,97,84,112,87,62,47,141,89,102,106,120,84,104,75,165,187,216,208,253,277,263,227,287,258,356,349,335,278,299,287,281,275,270,275,252,263,421,266,257,260,260,260,343,306,414,409,410,388,376,315,579,525,534,533,534,526,1240,1014,1529,1483,1739,771,1822,1328,1695,1573,1383,1263,1890,1751,2660,8045,7018,6577,5591,4590,29952,29957,29957,29962,29962,29963,12149,12147,5395,4631]} 1. c4 e5 2. g3 Nf6 3. Bg2 Bc5 4. Nc3 O-O 5. Nf3 Re8 {[#]} (5... d6 $11 {keeps the balance.}) 6. Nxe5 $146 {[%mdl 512] A22: English Opening: 1...e5 2 Nc3 Nf6} ({Predecessor:} 6. O-O d6 7. d3 h6 8. Na4 Nc6 9. b3 a5 10. Nxc5 dxc5 11. Bb2 Bg4 12. h3 Bh5 13. e3 {½-½ (62) Adams,M (2744)-McShane,L (2671) London 2016}) 6... Bxf2+ (6... Rxe5 7. d4) 7. Kxf2 {Black must now prevent Nf3.} Rxe5 8. d4 {White is better.} Re8 9. h3 d6 10. g4 Nc6 11. g5 Nd7 12. h4 Nf8 ({Black should play} 12... Nb6 $14) 13. b3 ({Better is} 13. Bf3) 13... Bg4 14. Qd2 a5 {[#]} 15. h5 $1 a4 {Threatening ...axb3.} 16. bxa4 h6 (16... f5 $16 {is a better defense.}) 17. gxh6 $18 {Kg3 is the strong threat.} Qf6+ 18. Qf4 Qxd4+ 19. Qxd4 Nxd4 20. hxg7 $40 {[%mdl 128] Black is in trouble.} ({Don't play} 20. Bxb7 $6 Rab8 $18) 20... Kxg7 {[%cal Rd4e2]} 21. Bxb7 Rab8 22. Rg1 f5 23. Bf3 Nfe6 24. Bxg4 fxg4 25. Rxg4+ Kh7 26. Rb1 Rf8+ 27. Ke1 {Hoping for Rxb8.} Rbe8 $2 (27... Rxb1 {was necessary.} 28. Nxb1 Nc6) 28. Be3 Nc2+ 29. Kd2 Nxe3 30. Kxe3 Rf5 31. Re4 Rxh5 32. Nd5 {Strongly threatening Nf6+.} Rh6 33. Nf4 Kg7 34. Rb7 Kf6 $2 (34... Kf8 35. Rxe6 Rhxe6+ 36. Nxe6+ Rxe6+ 37. Kd2 Re5 38. Rxc7 Ra5) 35. Rxe6+ Rxe6+ 36. Nxe6 Kxe6 37. Rxc7 {[%mdl 4096] Endgame KR-KR} Rh3+ 38. Kd4 Ra3 {[#]} 39. Ra7 $1 Rxa2 40. e3 Rd2+ 41. Kc3 Re2 42. Kd3 Ra2 43. a5 d5 44. cxd5+ Kxd5 45. a6 (45. e4+ $142 Kc5 46. Ke3) 45... Ra3+ 46. Ke2 Kc5 47. Ra8 Kb6 48. Kf3 ({Not} 48. e4 Rh3 $16) 48... Rc3 49. Kf4 Rc1 50. e4 Rf1+ 51. Ke5 Rh1 52. Kd5 {Accuracy: White = 89%, Black = 33%.} 1-0

[Event "POL-chT DMP Ekstraliga 2019"]
[Site "Katowice"]
[Date "2019.09.03"]
[Round "7.15"]
[White "Mastrovasilis, Dimitrios"]
[Black "Navara, David"]
[Result "1/2-1/2"]
[WhiteElo "2598"]
[BlackElo "2724"]
[Annotator "TA"]
[PlyCount "65"]
[EventDate "2019.08.28"]
[EventType "team-tourn"]
[EventCountry "POL"]
[SourceTitle "playchess.com"]
[Source "ChessBase"]
[SourceQuality "1"]

{[%evp 16,65,6,26,21,0,2,0,1,0,0,9,1,0,0,0,0,0,0,0,33,22,18,9,6,6,16,14,13,13,13,8,22,22,22,22,29,0,0,0,0,0,0,0,0,0,0,-3,-3,-3,-3,-3]} 1. e4 e5 2. Nf3 Nc6 3. Nc3 Nf6 4. d4 exd4 5. Nxd4 Bb4 6. Nxc6 bxc6 7. Bd3 O-O 8. O-O Re8 9. Bg5 Rb8 {C47: Scotch Four Knights and Four Knights with 4 g3} 10. Qf3 (10. Re1 h6 11. Bh4 Bd6 12. Rb1 g5 13. Bg3 Bxg3 14. hxg3 d6 15. Qd2 Kg7 16. b3 Qe7 17. Nd1 {1-0 (33) Nakamura,H (2777)-Aronian,L (2767) Saint Louis 2018}) 10... Bd6 11. Rab1 Be5 12. Bf4 Qe7 13. Bxe5 Qxe5 14. Qg3 Qxg3 15. hxg3 {[#]} d6 $146 ({Predecessor:} 15... d5 16. exd5 cxd5 17. b3 Bd7 {½-½ (42) Potapov,P (2516)-Bosiocic,M (2599) St Petersburg 2018}) 16. f3 h5 17. b4 Nd7 18. b5 Bb7 19. bxc6 Bxc6 20. Nb5 Bxb5 21. Bxb5 Rbd8 22. Bxd7 Rxd7 $11 {[%mdl 4096] Endgame KRR-KRR} 23. Rb7 a6 24. Ra7 d5 25. Rd1 Red8 26. Rxd5 (26. e5 {is more complex.} d4 27. Rxa6 Rd5 28. f4 Rc5 29. Ra4) 26... Rxd5 {The position is equal.} 27. exd5 Rxd5 28. Rxa6 {KR-KR} Rc5 29. Ra8+ Kh7 30. a4 Rxc2 31. Rc8 Kg6 32. a5 Ra2 33. Rxc7 {Accuracy: White = 68%, Black = 74%.} 1/2-1/2

[Event "POL-chT DMP Ekstraliga 2019"]
[Site "Katowice"]
[Date "2019.09.03"]
[Round "7.16"]
[White "Gajewski, Grzegorz"]
[Black "Gumularz, Szymon"]
[Result "1/2-1/2"]
[WhiteElo "2616"]
[BlackElo "2498"]
[Annotator "TA"]
[PlyCount "77"]
[EventDate "2019.08.28"]
[EventType "team-tourn"]
[EventCountry "POL"]
[SourceTitle "playchess.com"]
[Source "ChessBase"]
[SourceQuality "1"]

{[%evp 15,77,-10,0,0,0,0,0,-12,0,-11,0,0,0,0,8,0,5,0,0,0,0,0,16,0,0,3,27,34,33,30,48,0,63,73,68,-8,-22,-11,-18,-21,-9,-13,-16,-30,-13,-74,-26,-70,-68,-73,-78,-77,-75,-93,-91,-85,-89,-123,-32,-49,0,0,0,0]} 1. d4 Nf6 2. c4 e6 3. Nf3 d5 4. g3 Be7 5. Bg2 O-O 6. Nc3 Nbd7 7. O-O dxc4 8. Qc2 c6 9. a4 {E07: Closed Catalan: Main Line (5 Nf3 0-0 6 0-0 Nbd7)} a5 10. Rd1 Nd5 11. e4 Nb4 12. Qe2 Nd3 13. Be3 {[#]} b5 $146 ({Predecessor:} 13... e5 14. b3 Bb4 15. Qc2 exd4 16. Bxd4 Bc5 17. bxc4 {0-1 (64) Serradimigni,R (2561)-Turkov,V (2532) ICCF email 2012}) 14. axb5 cxb5 15. Nxb5 Ba6 16. Nc3 Rb8 17. Ra2 Nb4 18. Raa1 Nd3 19. Rd2 Rb3 20. Ne1 {[%cal Re1d3]} Bb4 {[#] aiming for ...Nxb2!} 21. Nxd3 cxd3 22. Qd1 Bc4 23. Rxd3 Nb6 ({Black should play} 23... a4 $1 $11) 24. Rd2 $14 a4 {Black wants to play ...a3.} 25. Nxa4 ({White should try} 25. d5 $14) 25... Bxd2 $11 26. Qxd2 Qa8 $36 {[%mdl 2048] Black fights for an advantage.} 27. Qc1 $1 {Black must now prevent Nxb6.} Nxa4 28. Qxc4 {[%mdl 64] [#] Double Attack} Nxb2 29. Qf1 Qb8 30. e5 (30. d5 $11 {remains equal.}) 30... Qb5 31. Qc1 Qc4 32. Qd2 Qd3 33. Qc1 Rfb8 34. Bf1 Qc3 35. Qxc3 Rxc3 36. Ra7 h6 (36... Nd1 $17 37. Bd2 Rc2) 37. d5 $1 $15 {[%cal Rd5d6]} Rxe3 38. fxe3 {d6 is the strong threat.} exd5 39. Rd7 {Accuracy: White = 65%, Black = 54%.} 1/2-1/2

[Event "POL-chT DMP Ekstraliga 2019"]
[Site "Katowice"]
[Date "2019.09.03"]
[Round "7.17"]
[White "Tazbir, Marcin"]
[Black "Miton, Kamil"]
[Result "1-0"]
[WhiteElo "2521"]
[BlackElo "2589"]
[Annotator "TA"]
[PlyCount "39"]
[EventDate "2019.08.28"]
[EventType "team-tourn"]
[EventCountry "POL"]
[SourceTitle "playchess.com"]
[Source "ChessBase"]
[SourceQuality "1"]

{[%evp 15,81,25,21,-9,0,9,54,20,18,12,16,12,14,12,14,15,8,13,13,-4,10,6,34,37,57,55,55,46,46,46,50,48,48,45,43,35,54,60,60,60,60,61,73,58,78,77,106,106,99,68,58,53,137,134,204,204,244,244,252,248,248,200,244,236,270,243,240,242]} 1. e4 Nf6 2. e5 Nd5 3. d4 d6 4. exd6 cxd6 5. c4 Nb6 6. Nc3 g6 7. Be3 Bg7 8. Qd2 Nc6 9. h3 {B03: Alekhine's Defence: Four Pawns Attack} d5 (9... O-O 10. Nf3 d5 11. c5 {½-½ (11) Georgiev,K (2395)-Ninov,D (2291) Primorsko 2016}) 10. c5 e5 $146 {[%cal Re5d4]} ({Predecessor:} 10... Nc4 11. Bxc4 dxc4 12. Nf3 Bf5 13. O-O Bd3 14. Rfe1 O-O 15. Bh6 e6 16. Nb5 a6 17. Bxg7 Kxg7 {1-0 (33) Sattarov,B (2243)-Vasilyev,V (2280) Moscow 2015}) 11. Nf3 {White is slightly better.} ({But not} 11. cxb6 exd4 12. Nb5 (12. Bg5 dxc3 13. Qe3+ Ne7 $17) 12... dxe3 $15) (11. Nb5 {seems wilder.} Nd7 12. dxe5 Ndxe5 13. Nd6+ Kf8 14. Bb5) 11... exd4 12. Nxd4 ({Of course not} 12. cxb6 dxe3 13. fxe3 (13. Qxe3+ $2 Be6 $19) 13... axb6 $17) 12... Nc4 $1 {[%cal Rc4d2]} 13. Nxc6 Nxd2 14. Nxd8 Nxf1 15. Bf4 Bxc3+ 16. bxc3 Kxd8 17. O-O-O Ke7 18. Bd6+ Kf6 19. Re1 {[#] aiming for Be5+.} Kg7 20. Be5+ {Played: Re1-e7} 1-0